[Event "Titled Tuesday intern op 18th Jan"]
[Site "Chess.com INT"]
[Date "2022.01.18"]
[Round "2"]
[White "Sipetin, Vladislav"]
[Black "Dolzhikova, Kateryna"]
[Result "0-1"]
[WhiteElo "2256"]
[BlackElo "2199"]
[PlyCount "86"]
[EventDate "2022.01.18"]
[EventType "swiss (blitz)"]
[EventRounds "11"]
[EventCountry "USA"]
[SourceTitle "CBM 206 Extra"]
[Source "ChessBase"]
[SourceDate "2022.03.31"]
[SourceVersion "1"]
[SourceVersionDate "2022.03.31"]
[SourceQuality "1"]

1. e4 c5 2. c3 d5 3. exd5 Qxd5 4. d4 Nf6 5. Nf3 Bg4 6. Be2 e6 7. 0-0 Be7 8. Be3 cxd4 9. Nxd4 Bxe2 10. Qxe2 0-0 11. Rd1 Nc6 12. Nd2 e5 13. Nxc6 Qxc6 14. Qc4 Rfc8 15. Qxc6 Rxc6 16. Nf3 Bd6 17. h3 Re8 18. Nd2 Bc5 19. Bxc5 Rxc5 20. Nb3 Rc7 21. Re1 Nd5 22. g3 f6 23. Rad1 Nb6 24. f4 Kf7 25. fxe5 Rxe5 26. Rxe5 fxe5 27. Nd2 Rd7 28. Rf1+ Kg6 29. Ne4 Nc4 30. b3 Ne3 31. Re1 Rd1 32. Rxd1 Nxd1 33. Kg2 Kf5 34. Kf3 b6 35. g4+ Ke6 36. Ke2 Kd5 37. Kf3 b5 38. h4 a6 39. h5 h6 40. a4 bxa4 41. bxa4 a5 42. c4+ Kxc4 43. Nd6+ Kd3 0-1

[Event "Titled Tuesday intern op 11th Jan"]
[Site "Chess.com INT"]
[Date "2022.01.11"]
[Round "1"]
[White "Ansh, M Shah"]
[Black "Sipetin, Vladislav"]
[Result "0-1"]
[WhiteElo "2112"]
[BlackElo "2256"]
[PlyCount "110"]
[EventDate "2022.01.11"]
[EventType "swiss (blitz)"]
[EventRounds "11"]
[EventCountry "USA"]
[SourceTitle "CBM 206 Extra"]
[Source "ChessBase"]
[SourceDate "2022.03.31"]
[SourceVersion "1"]
[SourceVersionDate "2022.03.31"]
[SourceQuality "1"]

1. d4 Nf6 2. c4 e6 3. Nc3 d5 4. Nf3 c5 5. e3 Nc6 6. a3 a6 7. dxc5 Bxc5 8. b4 Be7 9. Bb2 0-0 10. cxd5 Nxd5 11. Nxd5 Qxd5 12. Qxd5 exd5 13. Bd3 Be6 14. Nd4 Bf6 15. 0-0 Nxd4 16. Bxd4 Bxd4 17. exd4 Rac8 18. Rac1 Rxc1 19. Rxc1 Rc8 20. Rxc8+ Bxc8 21. Kf1 Bd7 22. Ke2 Bb5 23. Ke3 Kf8 24. Bxb5 axb5 25. Kf4 f6 26. h4 Ke7 27. h5 g6 28. hxg6 hxg6 29. g4 g5+ 30. Kf5 Kf7 31. f3 b6 32. f4 gxf4 33. Kxf4 Kg6 34. Kg3 Kg5 35. Kf3 f5 36. gxf5 Kxf5 37. Ke3 Kg4 38. Kd3 Kf3 39. Kc3 Ke3 40. Kb3 Kxd4 41. a4 bxa4+ 42. Kxa4 Kc4 43. b5 Kc5 44. Ka3 Kxb5 45. Kb3 Kc5 46. Kc3 b5 47. Kd3 b4 48. Kc2 Kc4 49. Kb2 d4 50. Kc2 d3+ 51. Kd2 Kd4 52. Kd1 Kc3 53. Kc1 d2+ 54. Kd1 b3 55. Ke2 Kc2 0-1

[Event "Titled Tuesday intern op 04th Jan"]
[Site "Chess.com INT"]
[Date "2022.01.04"]
[Round "9"]
[White "Plazuelo Pascual, Juan"]
[Black "Sipetin, Vladislav"]
[Result "1/2-1/2"]
[WhiteElo "2466"]
[BlackElo "2256"]
[PlyCount "139"]
[EventDate "2022.01.04"]
[EventType "swiss (blitz)"]
[EventRounds "11"]
[EventCountry "USA"]
[SourceTitle "EXT 2023"]
[Source "ChessBase"]
[SourceDate "2022.10.05"]
[SourceVersion "1"]
[SourceVersionDate "2022.10.05"]
[SourceQuality "1"]

1. d4 Nf6 2. Bg5 e6 3. e4 d5 4. e5 h6 5. Be3 Nfd7 6. c3 c5 7. f4 Nc6 8. Nf3 Be7 9. Bd3 c4 10. Bc2 b5 11. a3 a5 12. 0-0 Nb6 13. Nbd2 g6 14. Qe2 Kd7 15. Rfb1 b4 16. axb4 axb4 17. Rxa8 Nxa8 18. cxb4 Nxb4 19. Ba4+ Kc7 20. b3 c3 21. Rc1 c2 22. Qb5 Ba6 23. Qa5+ Kb7 24. Qxd8 Rxd8 25. Ne1 Rc8 26. Bd7 Rc3 27. Kf2 Nd3+ 28. Nxd3 Bxd3 29. Nf3 Ba3 30. Ra1 c1Q 31. Bxc1 Bxc1 32. g3 Be4 33. Ne1 Be3+ 34. Kf1 Bxd4 35. Be8 Rf3+ 36. Nxf3 Bxa1 37. Nd2 Bf5 38. Bxf7 Nc7 39. Nf3 Na6 40. Nh4 Nc5 41. b4 Nd3 42. Nxf5 gxf5 43. Bxe6 Nxb4 44. Bxf5 Kc6 45. Ke2 d4 46. g4 d3+ 47. Bxd3 Nxd3 48. Kxd3 Kd5 49. Ke3 Bxe5 50. fxe5 Kxe5 51. Kf3 Ke6 52. Ke4 Kf6 53. Kf4 Kg6 54. h3 Kf6 55. h4 Ke6 56. Ke4 Kf6 57. Kd5 Kf7 58. Ke5 Kg6 59. Ke6 Kg7 60. Kf5 h5 61. g5 Kh7 62. g6+ Kh6 63. g7 Kxg7 64. Kg5 Kh7 65. Kxh5 Kh8 66. Kg5 Kg8 67. h5 Kh8 68. Kg6 Kg8 69. h6 Kh8 70. h7 1/2-1/2

[Event "Titled Tuesday intern op 04th Jan"]
[Site "Chess.com INT"]
[Date "2022.01.04"]
[Round "10"]
[White "Sipetin, Vladislav"]
[Black "Zverev, Lev"]
[Result "0-1"]
[WhiteElo "2256"]
[BlackElo "2202"]
[PlyCount "134"]
[EventDate "2022.01.04"]
[EventType "swiss (blitz)"]
[EventRounds "11"]
[EventCountry "USA"]
[SourceTitle "EXT 2023"]
[Source "ChessBase"]
[SourceDate "2022.10.05"]
[SourceVersion "1"]
[SourceVersionDate "2022.10.05"]
[SourceQuality "1"]

1. e4 e5 2. Nc3 Nf6 3. Nf3 Nc6 4. d4 exd4 5. Nxd4 Bb4 6. Nxc6 bxc6 7. Bd3 0-0 8. 0-0 d5 9. exd5 cxd5 10. Bg5 c6 11. Qf3 Rb8 12. h3 h6 13. Bxf6 Qxf6 14. Qxf6 gxf6 15. Ne2 Bd6 16. Rab1 c5 17. b3 Be6 18. c4 d4 19. f4 Rfe8 20. Ng3 Bf8 21. Kf2 Bd7 22. Bf5 Bc6 23. Rfe1 a5 24. Be4 Bd7 25. Bf5 Bc6 26. Nh5 Bg7 27. g4 Rxe1 28. Rxe1 a4 29. Re7 axb3 30. axb3 Rb7 31. Rxb7 Bxb7 32. Ke2 Bc6 33. Bb1 Bg2 34. h4 Bc6 35. Ng3 Bf8 36. Be4 Bd7 37. Bf5 Bc6 38. Kd3 Bd6 39. Be4 Bd7 40. Bf5 Bxf5+ 41. Nxf5 Bxf4 42. Ke4 Bc7 43. Nxh6+ Kh7 44. Nf5 Kg6 45. Kd3 Bf4 46. Ne7+ Kh7 47. Nd5 Be5 48. Nb6 Bg3 49. h5 Kh6 50. Nd7 Bd6 51. Nxf6 Be7 52. Ne4 f6 53. b4 cxb4 54. Kxd4 f5 55. Ng3 Bf6+ 56. Kd3 fxg4 57. c5 b3 58. c6 b2 59. c7 Be5 60. Nf5+ Kg5 61. c8Q b1Q+ 62. Ke2 Qxf5 63. Qg8+ Kxh5 64. Qe8+ Kh4 65. Qe7+ Bf6 66. Qe8 Qf3+ 67. Ke1 Bc3# 0-1

[Event "Titled Tuesday intern op 04th Jan"]
[Site "Chess.com INT"]
[Date "2022.01.04"]
[Round "5"]
[White "Sokolin, Leonid M"]
[Black "Sipetin, Vladislav"]
[Result "0-1"]
[WhiteElo "2482"]
[BlackElo "2256"]
[PlyCount "32"]
[EventDate "2022.01.04"]
[EventType "swiss (blitz)"]
[EventRounds "11"]
[EventCountry "USA"]
[SourceTitle "EXT 2023"]
[Source "ChessBase"]
[SourceDate "2022.10.05"]
[SourceVersion "1"]
[SourceVersionDate "2022.10.05"]
[SourceQuality "1"]

1. e4 d5 2. exd5 Nf6 3. d4 Bg4 4. f3 Bf5 5. c4 c6 6. Qb3 cxd5 7. Qxb7 Nbd7 8. c5 Rb8 9. Qc6 Rc8 10. Qa4 e5 11. dxe5 Bxc5 12. exf6 0-0 13. fxg7 Re8+ 14. Be2 Bxg1 15. Rxg1 Rxc1+ 16. Kf2 Qb6+ 0-1

[Event "Titled Tuesday intern op 04th Jan"]
[Site "Chess.com INT"]
[Date "2022.01.04"]
[Round "11"]
[White "Weishaeutel, Moritz"]
[Black "Sipetin, Vladislav"]
[Result "0-1"]
[WhiteElo "2371"]
[BlackElo "2256"]
[PlyCount "54"]
[EventDate "2022.01.04"]
[EventType "swiss (blitz)"]
[EventRounds "11"]
[EventCountry "USA"]
[SourceTitle "EXT 2023"]
[Source "ChessBase"]
[SourceDate "2022.10.05"]
[SourceVersion "1"]
[SourceVersionDate "2022.10.05"]
[SourceQuality "1"]

1. e4 d5 2. exd5 Nf6 3. d4 Bg4 4. Be2 Bxe2 5. Qxe2 Qxd5 6. Nf3 e6 7. 0-0 Bd6 8. c4 Qh5 9. Nc3 0-0 10. h3 Nbd7 11. Nb5 Rfd8 12. c5 a6 13. cxd6 Qxb5 14. dxc7 Qxe2 15. cxd8Q+ Rxd8 16. Bf4 Nd5 17. Bg3 b5 18. Rab1 h6 19. Rfe1 Qd3 20. Rbd1 Qc2 21. Rd2 Qf5 22. Rc1 N7f6 23. Be5 Ne4 24. Rd3 Nxf2 25. Rb3 Nd3 26. Rf1 Ne3 27. Rb1 Nxe5 0-1

[Event "Dvorkovich Memorial op"]
[Site "Taganrog"]
[Date "2017.01.19"]
[Round "7"]
[White "Abakarova, Amina"]
[Black "Sipetin, Vladislav"]
[Result "0-1"]
[WhiteElo "1857"]
[BlackElo "2288"]
[PlyCount "97"]
[EventDate "2017.01.13"]
[EventType "swiss"]
[EventRounds "9"]
[EventCountry "RUS"]
[SourceTitle "CBM 176 Extra"]
[Source "ChessBase"]
[SourceDate "2017.03.02"]
[SourceVersion "1"]
[SourceVersionDate "2017.03.02"]
[SourceQuality "1"]

1. e4 c6 2. d4 d5 3. exd5 cxd5 4. Bd3 Nc6 5. c3 Nf6 6. Bf4 Bg4 7. Qb3 Qc8 8. Ne2 Bh5 9. Nd2 e6 10. h3 Be7 11. Rc1 Bxe2 12. Kxe2 0-0 13. Rhe1 a6 14. Kf1 b5 15. a3 Qb7 16. Nf3 Rfc8 17. Qd1 Na5 18. Qe2 Nc4 19. Rc2 a5 20. Ne5 Ra6 21. Kg1 Rb6 22. Qf3 Bd6 23. Bg5 Bxe5 24. dxe5 Nd7 25. Bf4 Nc5 26. Rce2 Nxd3 27. Qxd3 Qe7 28. Qd4 Ra6 29. Ra1 Qa7 30. Qxa7 Rxa7 31. b3 Nb6 32. Be3 Rb7 33. Bd4 Kf8 34. Kf1 Nd7 35. b4 Ra8 36. Rd2 a4 37. Rc2 Rc8 38. Rd1 Ke7 39. Ke2 Nb6 40. Bxb6 Rxb6 41. Rd4 Rbc6 42. Kd3 g5 43. g4 f6 44. f4 h6 45. h4 fxe5 46. fxe5 Rc4 47. Rxc4 Rxc4 48. hxg5 hxg5 49. Rf2 0-1

[Event "Dvorkovich Memorial op"]
[Site "Taganrog"]
[Date "2017.01.17"]
[Round "5"]
[White "Stepanyan, Eva"]
[Black "Sipetin, Vladislav"]
[Result "1/2-1/2"]
[WhiteElo "1809"]
[BlackElo "2288"]
[PlyCount "62"]
[EventDate "2017.01.13"]
[EventType "swiss"]
[EventRounds "9"]
[EventCountry "RUS"]
[SourceTitle "CBM 176 Extra"]
[Source "ChessBase"]
[SourceDate "2017.03.02"]
[SourceVersion "1"]
[SourceVersionDate "2017.03.02"]
[SourceQuality "1"]

1. e4 c6 2. d4 d5 3. Nc3 dxe4 4. Nxe4 Bf5 5. Ng3 Bg6 6. h4 h6 7. Nf3 Nd7 8. h5 Bh7 9. Bd3 Bxd3 10. Qxd3 Qc7 11. Bd2 e6 12. 0-0-0 0-0-0 13. Qe2 Ngf6 14. Ne5 Nb6 15. Ba5 Bd6 16. Kb1 Rhf8 17. Nc4 Bxg3 18. fxg3 c5 19. dxc5 Qxc5 20. Rxd8+ Rxd8 21. Bxb6 axb6 22. Ne5 Qc7 23. Rh4 Kb8 24. Rc4 Qd6 25. Kc1 Qe7 26. Nxf7 Rd5 27. Ne5 Qd6 28. Nf7 Qe7 29. Ne5 Qd6 30. Nf7 Qe7 31. Ne5 Qd6 1/2-1/2

[Event "Dvorkovich Memorial op"]
[Site "Taganrog"]
[Date "2017.01.15"]
[Round "3"]
[White "Golubov, Saveliy"]
[Black "Sipetin, Vladislav"]
[Result "1-0"]
[WhiteElo "2487"]
[BlackElo "2288"]
[PlyCount "91"]
[EventDate "2017.01.13"]
[EventType "swiss"]
[EventRounds "9"]
[EventCountry "RUS"]
[SourceTitle "CBM 176 Extra"]
[Source "ChessBase"]
[SourceDate "2017.03.02"]
[SourceVersion "1"]
[SourceVersionDate "2017.03.02"]
[SourceQuality "1"]

1. e4 e6 2. Nf3 d5 3. e5 c5 4. b4 cxb4 5. a3 Nc6 6. axb4 Bxb4 7. c3 Be7 8. d4 Nh6 9. Bd3 a6 10. 0-0 Bd7 11. Nbd2 b5 12. Nb3 Nf5 13. g4 Nh4 14. Nxh4 Bxh4 15. f4 Be7 16. Qf3 Qb6 17. Be3 g6 18. f5 gxf5 19. gxf5 exf5 20. Bxf5 Bxf5 21. Qxf5 Nd8 22. Qf3 Qe6 23. Kh1 Rf8 24. Nc1 f6 25. Bh6 Rf7 26. Bf4 fxe5 27. dxe5 Nb7 28. Ne2 Bc5 29. Qd3 0-0-0 30. Bg5 Rxf1+ 31. Rxf1 Be7 32. Nd4 Qxe5 33. Bxe7 Qxe7 34. Nc6 Qe4+ 35. Qxe4 dxe4 36. Nxd8 Kxd8 37. Kg2 Ke7 38. Kf2 Ke6 39. Ke3 Ke5 40. Rf7 Nd6 41. Rxh7 Nf5+ 42. Ke2 a5 43. Ra7 a4 44. Ra5 Nd6 45. h4 Kd5 46. h5 1-0

[Event "Dvorkovich Memorial op"]
[Site "Taganrog"]
[Date "2016.01.18"]
[Round "1"]
[White "Kharchenko, Boris"]
[Black "Sipetin, Vladislav"]
[Result "1-0"]
[WhiteElo "2506"]
[BlackElo "2083"]
[PlyCount "89"]
[EventDate "2016.01.18"]
[EventType "swiss"]
[EventRounds "9"]
[EventCountry "RUS"]
[SourceTitle "EXT 2018"]
[Source "ChessBase"]
[SourceDate "2017.10.13"]
[SourceVersion "1"]
[SourceVersionDate "2017.10.13"]
[SourceQuality "1"]

1. e4 e6 2. d4 d5 3. Nd2 c5 4. exd5 exd5 5. Bb5+ Nc6 6. Ngf3 Bd6 7. dxc5 Bxc5 8. Nb3 Bd6 9. 0-0 Nge7 10. Bg5 0-0 11. Bh4 Bg4 12. Be2 Re8 13. Re1 Qb6 14. Nfd4 Bxe2 15. Nxe2 h6 16. Bg3 Bxg3 17. Nxg3 Rad8 18. Qd2 a5 19. a4 d4 20. Re4 Nd5 21. Rxe8+ Rxe8 22. Nf5 Qb4 23. Qxb4 Ndxb4 24. Nfxd4 Nxd4 25. Nxd4 Rc8 26. Rd1 Rc4 27. b3 Rc7 28. Rd2 Rd7 29. c3 Nc6 30. Kf1 b6 31. Ke2 Ne5 32. Nb5 Re7 33. Kd1 Re6 34. Rd8+ Kh7 35. Rd6 Rg6 36. Rxg6 Kxg6 37. Ke2 Kf6 38. Nc7 Nd7 39. Kd3 Ke5 40. Kc4 g5 41. b4 axb4 42. cxb4 Kd6 43. Nb5+ Kc6 44. Nd4+ Kd6 45. Nf5+ 1-0

[Event "Dvorkovich Memorial op-A 9th"]
[Site "Taganrog"]
[Date "2014.08.08"]
[Round "8"]
[White "Chernyavsky, Alexander"]
[Black "Sipetin, Vladislav"]
[Result "1-0"]
[WhiteElo "2257"]
[BlackElo "2011"]
[PlyCount "73"]
[EventDate "2014.08.02"]
[EventType "swiss"]
[EventRounds "10"]
[EventCountry "RUS"]
[SourceTitle "CBM 162 Extra"]
[Source "ChessBase"]
[SourceDate "2014.10.17"]
[SourceVersion "1"]
[SourceVersionDate "2014.10.17"]
[SourceQuality "1"]

1. c4 e6 2. Nc3 d5 3. d4 Be7 4. Bf4 Nf6 5. Nf3 0-0 6. e3 c6 7. h3 b6 8. cxd5 Nxd5 9. Nxd5 exd5 10. Bd3 Be6 11. Qc2 h6 12. Bxb8 Bb4+ 13. Ke2 Rxb8 14. Qxc6 Rc8 15. Qa4 Qe7 16. Rac1 Bd6 17. a3 f5 18. g3 f4 19. gxf4 Bxf4 20. Rxc8 Rxc8 21. Ne5 Bxe5 22. dxe5 Bd7 23. Qd4 Qc5 24. f4 Rf8 25. Qxc5 bxc5 26. h4 Rb8 27. Rb1 Ba4 28. Kd2 d4 29. exd4 cxd4 30. b4 Rc8 31. Rc1 Rxc1 32. Kxc1 Kf7 33. Bc4+ Kg6 34. b5 Kf5 35. Kd2 g5 36. hxg5 hxg5 37. e6 1-0

[Event "Dvorkovich Memorial op-A 9th"]
[Site "Taganrog"]
[Date "2014.08.06"]
[Round "6"]
[White "Sipetin, Vladislav"]
[Black "Petrova, Olga"]
[Result "1-0"]
[WhiteElo "2011"]
[BlackElo "2190"]
[PlyCount "73"]
[EventDate "2014.08.02"]
[EventType "swiss"]
[EventRounds "10"]
[EventCountry "RUS"]
[SourceTitle "CBM 162 Extra"]
[Source "ChessBase"]
[SourceDate "2014.10.17"]
[SourceVersion "1"]
[SourceVersionDate "2014.10.17"]
[SourceQuality "1"]

1. e4 d6 2. d4 Nf6 3. Nc3 c6 4. Nf3 Qc7 5. Be2 e5 6. Bg5 Be7 7. 0-0 Nbd7 8. a4 0-0 9. Qd2 a5 10. Rfd1 h6 11. Bh4 Nb6 12. dxe5 dxe5 13. Bg3 Nbd7 14. Nh4 Bc5 15. Nf5 b6 16. Bh4 Ba6 17. Bxa6 Rxa6 18. Nxh6+ Kh7 19. Nf5 Rh8 20. Nxg7 Kxg7 21. Bxf6+ Kxf6 22. Qxd7 Qxd7 23. Rxd7 Ke6 24. Rd3 Raa8 25. Ne2 Rh4 26. Ng3 Rf4 27. Rd2 Rh8 28. Re1 Bb4 29. c3 Bc5 30. Nf5 Rg4 31. g3 Rgg8 32. Red1 Kf6 33. Kg2 Rb8 34. Rd6+ Bxd6 35. Rxd6+ Kg5 36. h4+ Kh5 37. Ng7+ 1-0

[Event "Dvorkovich Memorial op-A 9th"]
[Site "Taganrog"]
[Date "2014.08.03"]
[Round "2"]
[White "Sipetin, Vladislav"]
[Black "Kononenko, Dmitry1"]
[Result "0-1"]
[WhiteElo "2011"]
[BlackElo "2272"]
[PlyCount "108"]
[EventDate "2014.08.02"]
[EventType "swiss"]
[EventRounds "10"]
[EventCountry "RUS"]
[SourceTitle "CBM 162 Extra"]
[Source "ChessBase"]
[SourceDate "2014.10.17"]
[SourceVersion "1"]
[SourceVersionDate "2014.10.17"]
[SourceQuality "1"]

1. e4 c6 2. d4 d5 3. Nc3 dxe4 4. Nxe4 Bf5 5. Ng3 Bg6 6. h4 h6 7. Nf3 Nd7 8. h5 Bh7 9. Bd3 Bxd3 10. Qxd3 Ngf6 11. Bd2 e6 12. 0-0-0 Qc7 13. Ne4 Nxe4 14. Qxe4 Nf6 15. Qe2 0-0-0 16. g3 Rd5 17. Ne5 Rxd4 18. Bf4 Re4 19. Qd3 Bc5 20. Ng6 Rxf4 21. Nxf4 Bxf2 22. Qf3 Bb6 23. Nd3 a6 24. Rhe1 Rd8 25. Ne5 Bd4 26. Qe2 Bxe5 27. Rxd8+ Kxd8 28. Qxe5 Qxe5 29. Rxe5 Kd7 30. Kd2 Kd6 31. Re3 Nxh5 32. c4 c5 33. a3 Nf6 34. b4 Nd7 35. Kc3 b6 36. Rd3+ Kc7 37. a4 Ne5 38. Rd1 f6 39. Rb1 cxb4+ 40. Kxb4 Nd3+ 41. Kb3 a5 42. Rd1 Nc5+ 43. Ka3 f5 44. Rd4 h5 45. Rd1 Ne4 46. Rd3 g5 47. Kb2 g4 48. Kc2 Nc5 49. Ra3 Kd6 50. Kd2 Ne4+ 51. Ke2 Kc5 52. Rd3 Kxc4 53. Rd8 Nxg3+ 54. Kf2 f4 0-1

[Event "Dvorkovich Memorial op"]
[Site "Taganrog"]
[Date "2014.01.22"]
[Round "5"]
[White "Sipetin, Vladislav"]
[Black "Krivochkin, Ilya"]
[Result "1/2-1/2"]
[WhiteElo "2069"]
[BlackElo "1936"]
[PlyCount "84"]
[EventDate "2014.01.18"]
[EventType "swiss"]
[EventRounds "9"]
[EventCountry "RUS"]
[SourceTitle "CBM 158 Extra"]
[Source "ChessBase"]
[SourceDate "2014.02.28"]
[SourceVersion "1"]
[SourceVersionDate "2014.02.28"]
[SourceQuality "1"]

1. e4 e6 2. d4 d5 3. Nc3 Nf6 4. e5 Nfd7 5. f4 c5 6. Nf3 Nc6 7. Be3 cxd4 8. Nxd4 Bc5 9. Qd2 a6 10. 0-0-0 Nxd4 11. Bxd4 b5 12. Bxc5 Nxc5 13. Bd3 Bb7 14. Ne2 Qb6 15. Nd4 0-0-0 16. c3 Kb8 17. Qe3 Rc8 18. Kb1 b4 19. Rc1 Na4 20. cxb4 Qxb4 21. Nb3 h6 22. Qd4 Qxd4 23. Nxd4 Nc5 24. Rc3 Rc7 25. Nb3 Nxb3 26. Rxb3 Ka7 27. Rc1 Rhc8 28. Rbc3 Rxc3 29. Rxc3 Rxc3 30. bxc3 Kb6 31. Kc2 Kc5 32. g3 d4 33. a3 dxc3 34. Kxc3 a5 35. Bc4 g6 36. h3 Bg2 37. h4 h5 38. Bd3 Bf3 39. Bc4 Bg2 40. Bd3 Bf3 41. Bc4 Bg2 42. Bd3 Bf3 1/2-1/2

[Event "Dvorkovich Memorial op"]
[Site "Taganrog"]
[Date "2014.01.18"]
[Round "1"]
[White "Sipetin, Vladislav"]
[Black "Tunik, Gennady"]
[Result "0-1"]
[WhiteElo "2069"]
[BlackElo "2420"]
[PlyCount "102"]
[EventDate "2014.01.18"]
[EventType "swiss"]
[EventRounds "9"]
[EventCountry "RUS"]
[SourceTitle "CBM 158 Extra"]
[Source "ChessBase"]
[SourceDate "2014.02.28"]
[SourceVersion "1"]
[SourceVersionDate "2014.02.28"]
[SourceQuality "1"]

1. e4 c5 2. c3 d5 3. exd5 Qxd5 4. d4 e6 5. Nf3 Nf6 6. Na3 Nc6 7. Nb5 Qd8 8. dxc5 Bxc5 9. Qxd8+ Kxd8 10. Bf4 Nd5 11. 0-0-0 Ke7 12. Bg3 a6 13. Nbd4 Nxd4 14. Nxd4 Rd8 15. Be2 Bxd4 16. Rxd4 b5 17. Bf3 Bb7 18. Re1 Rd7 19. Bh4+ Ke8 20. Red1 Rc8 21. Kb1 h6 22. Bg3 Ba8 23. R1d2 Ke7 24. h4 g5 25. Bxd5 Rxd5 26. Rxd5 Bxd5 27. f3 Rg8 28. Rd4 f6 29. Rd2 g4 30. f4 Rd8 31. Rd4 h5 32. Kc2 Rc8 33. f5 a5 34. fxe6 Kxe6 35. Rd2 Bxa2 36. b3 a4 37. bxa4 bxa4 38. Rd4 Bb3+ 39. Kb2 Kf5 40. Bd6 Re8 41. Bf4 Re2+ 42. Rd2 Rxd2+ 43. Bxd2 g3 44. Ka3 Kg4 45. Kb4 Bd5 46. c4 Bxg2 47. Bc3 f5 48. Bf6 f4 49. c5 f3 50. c6 f2 51. c7 Bb7 0-1

[Event "EU-ch U12 23rd"]
[Site "Budva"]
[Date "2013.10.08"]
[Round "9"]
[White "Heier, Odin Nikolai"]
[Black "Sipetin, Vladislav"]
[Result "0-1"]
[WhiteElo "1484"]
[BlackElo "2050"]
[PlyCount "96"]
[EventDate "2013.09.29"]
[EventType "swiss"]
[EventRounds "9"]
[EventCountry "MNE"]
[SourceTitle "EXT 2014"]
[Source "ChessBase"]
[SourceDate "2013.11.20"]
[SourceVersion "1"]
[SourceVersionDate "2013.11.20"]
[SourceQuality "1"]

1. e4 c6 2. d4 d5 3. Nc3 dxe4 4. Nxe4 Bf5 5. Ng3 Bg6 6. h4 h6 7. Nf3 Nd7 8. h5 Bh7 9. Bd3 Bxd3 10. Qxd3 Qc7 11. Bd2 Ngf6 12. 0-0-0 0-0-0 13. Qe2 e6 14. Ne5 Nxe5 15. dxe5 Nd5 16. f4 Be7 17. Ne4 Rd7 18. g4 Rhd8 19. Rhg1 c5 20. g5 c4 21. g6 Bf8 22. gxf7 Rxf7 23. Qg4 Qc6 24. Nd6+ Bxd6 25. Qxe6+ Rfd7 26. exd6 Qxd6 27. Qxd6 Rxd6 28. Rxg7 Ne3 29. Rgg1 Nxd1 30. Rxd1 Rd5 31. f5 R8d6 32. c3 Rxf5 33. Rh1 Kd7 34. Be3 a6 35. Kc2 Ke8 36. b3 cxb3+ 37. axb3 Rdd5 38. Bxh6 Rxh5 39. Rxh5 Rxh5 40. Be3 Kd7 41. Kd3 Kc6 42. b4 b5 43. Ke4 Kd6 44. Bf4+ Ke6 45. Kd4 Rh4 46. Ke4 Rg4 47. Kf3 Kf5 48. Bg3 Rxg3+ 0-1

[Event "EU-ch U12 23rd"]
[Site "Budva"]
[Date "2013.10.06"]
[Round "7"]
[White "Sousa, Hugo Carneiro"]
[Black "Sipetin, Vladislav"]
[Result "1/2-1/2"]
[WhiteElo "1563"]
[BlackElo "2050"]
[PlyCount "77"]
[EventDate "2013.09.29"]
[EventType "swiss"]
[EventRounds "9"]
[EventCountry "MNE"]
[SourceTitle "EXT 2014"]
[Source "ChessBase"]
[SourceDate "2013.11.20"]
[SourceVersion "1"]
[SourceVersionDate "2013.11.20"]
[SourceQuality "1"]

1. e4 c6 2. d4 d5 3. Nd2 dxe4 4. Nxe4 Bf5 5. Ng3 Bg6 6. Nf3 Nd7 7. h4 h6 8. h5 Bh7 9. Bd3 Bxd3 10. Qxd3 Qc7 11. Bd2 Ngf6 12. 0-0-0 0-0-0 13. Qe2 e6 14. Ne5 Nxe5 15. dxe5 Nd5 16. Rhe1 Be7 17. f4 Rd7 18. Ne4 Rhd8 19. g4 c5 20. a3 c4 21. Nc3 a6 22. Nxd5 Rxd5 23. c3 Qc6 24. Be3 Kc7 25. Qf2 Rxd1+ 26. Rxd1 Rxd1+ 27. Kxd1 Qe4 28. Kc1 Qd3 29. Qd2 Qxd2+ 30. Kxd2 Kc6 31. Ke2 Kd5 32. Kf3 Bh4 33. Bd2 Be7 34. Be3 Bh4 35. Bd2 Bd8 36. Be3 Be7 37. Bf2 Bd8 38. Be3 Bh4 39. Bd2 1/2-1/2

[Event "EU-ch U12 23rd"]
[Site "Budva"]
[Date "2013.10.02"]
[Round "4"]
[White "Sipetin, Vladislav"]
[Black "Szpar, Milosz"]
[Result "1/2-1/2"]
[WhiteElo "2050"]
[BlackElo "1773"]
[PlyCount "93"]
[EventDate "2013.09.29"]
[EventType "swiss"]
[EventRounds "9"]
[EventCountry "MNE"]
[SourceTitle "EXT 2014"]
[Source "ChessBase"]
[SourceDate "2013.11.20"]
[SourceVersion "1"]
[SourceVersionDate "2013.11.20"]
[SourceQuality "1"]

1. e4 c5 2. c3 e6 3. d4 d5 4. exd5 Qxd5 5. Nf3 Nf6 6. Na3 Be7 7. Nb5 Qd8 8. dxc5 Bxc5 9. Qxd8+ Kxd8 10. Bf4 Na6 11. 0-0-0+ Ke8 12. Ne5 Nd5 13. Bg3 f6 14. Nc4 Ke7 15. Ncd6 h5 16. h4 Bxd6 17. Nxd6 Nac7 18. c4 Nb6 19. Nxb7 e5 20. Nc5 Ne6 21. Nxe6 Bxe6 22. b3 a5 23. Be2 Nd7 24. f3 a4 25. Kb2 Rab8 26. Bf2 Rhc8 27. Kc3 Rb7 28. Rb1 f5 29. Bd3 Nf6 30. Rhe1 Nd5+ 31. Kb2 Nb4 32. Bf1 a3+ 33. Kc3 Nxa2+ 34. Kc2 Nb4+ 35. Kc3 Kf6 36. Ra1 a2 37. g3 Rcb8 38. Be2 Nc6 39. Bd1 Na5 40. f4 exf4 41. Bd4+ Ke7 42. Be5 Rxb3+ 43. Bxb3 Rxb3+ 44. Kc2 Rxg3 45. Bxf4 Ra3 46. Bd2 Kf7 47. Bb4 1/2-1/2

[Event "EU-ch U12 23rd"]
[Site "Budva"]
[Date "2013.09.30"]
[Round "2"]
[White "Sipetin, Vladislav"]
[Black "Oboladze, Luka"]
[Result "0-1"]
[WhiteElo "2050"]
[BlackElo "1692"]
[PlyCount "136"]
[EventDate "2013.09.29"]
[EventType "swiss"]
[EventRounds "9"]
[EventCountry "MNE"]
[SourceTitle "EXT 2014"]
[Source "ChessBase"]
[SourceDate "2013.11.20"]
[SourceVersion "1"]
[SourceVersionDate "2013.11.20"]
[SourceQuality "1"]

1. e4 c5 2. c3 Nf6 3. e5 Nd5 4. d4 cxd4 5. Nf3 e6 6. cxd4 d6 7. Bc4 Nb6 8. Bd3 dxe5 9. dxe5 Bd7 10. 0-0 Be7 11. Qe2 Bc6 12. Rd1 Qc7 13. Nc3 N8d7 14. Bf4 a6 15. Rac1 Nc5 16. Bc2 Rd8 17. Rxd8+ Qxd8 18. Rd1 Qc7 19. Nd4 Nd5 20. Nxd5 Bxd5 21. Qg4 g5 22. Bxg5 Rg8 23. f4 h6 24. h4 hxg5 25. hxg5 Ne4 26. Qe2 Nxg5 27. fxg5 Rxg5 28. g4 Qxe5 29. Qxe5 Rxe5 30. Kf2 Bh4+ 31. Kg1 Rg5 32. Kh2 Bf2 33. Rd2 Rxg4 34. Nf5 Rf4 35. Re2 Kf8 36. Rd2 Ke8 37. Re2 Kd7 38. Rd2 Kc7 39. Rd3 Bc6 40. Ne7 Rh4+ 41. Rh3 Rxh3+ 42. Kxh3 Bf3 43. Ng8 Bd4 44. Kg3 Bc6 45. Nh6 f5 46. b4 Be3 47. Nf7 f4+ 48. Kg4 f3 49. Kg3 f2 50. Bd3 Bb5 51. Bxb5 axb5 52. Kg2 Bd4 53. Kf1 e5 54. Ke2 e4 55. Ng5 Kd6 56. Nxe4+ Kd5 57. Nd2 Bc3 58. Nb3 Be1 59. Nc5 Kc4 60. Nxb7 Kxb4 61. Nd6 Ka4 62. Kf1 b4 63. Nc4 Kb5 64. Nb2 Kc5 65. Nd1 Kd4 66. Ke2 Kc4 67. Nb2+ Kc3 68. Nd3 f1Q+ 0-1